Power pedagody & practice

Αποθηκεύτηκε σε:
Λεπτομέρειες βιβλιογραφικής εγγραφής
Άλλοι συγγραφείς: Hedge, Tricia (Επιμελητής έκδοσης), Whitney, Norman J. (Επιμελητής έκδοσης)
Μορφή: Βιβλίο
Γλώσσα:English
Δημοσίευση: Oxford : Oxford University Press, 1996
Θέματα:
Ετικέτες: Προσθήκη ετικέτας
Δεν υπάρχουν, Καταχωρήστε ετικέτα πρώτοι!

MARC

LEADER 00000nam a2200000 i 4500
001 1/64682
008 980817s1996 eng d
020 |a 0194372057 
035 |l 10029471 
040 |a GR-MY-UA  |b gre  |e aacr 
041 0 |a eng 
082 0 |a 420.7 POW 
245 1 0 |a Power pedagody & practice /  |c Edited by: Tricia Hedge, Norman Whitney 
260 |a Oxford :   |b Oxford University Press,   |c 1996 
300 |a xii, 398 p. 
504 |a Includes bibliography and index 
650 0 0 |a English language  |x Study and teaching. 
700 1 |a Hedge, Tricia.  |4 edt 
700 1 |a Whitney, Norman J.  |4 edt 
852 |a INST  |b CHIOS  |e 19980817  |h 420.7 POW  |p 005200015941  |q 005200015941  |t BK  |y 0 
901 |a BIBL-1998-2 
909 |a Χ  |b 058271 
922 |a 2ΕΛΗ  |b 199806  |c ΤΔΕ  |d ΠΑΠΑΣΩΤΗΡΙΟΥ